000 01031cam a2200349 i 4500
001 1355597
003 OSt
005 20140310182659.0
008 801208s1981 nyu 001 0 eng
010 _a 80029184
020 _a0440168910
040 _aDLC
_cDLC
_dDLC
050 0 0 _aHG 229
_b.Sm642
082 0 0 _aM 332.19
_bSm5 1981
100 1 _aSmith, Adam,
_d1930-
245 1 0 _aPaper money /
_cSmith, Adam
250 _a1st ed.
260 _aNew York :
_bA Dell Books,
_cc1981.
300 _a335 p. :
_bgraphs ;
_c22 cm.
500 _aIncludes index.
504 _aBibliography: p. 319-322.
521 _aHigh School to College Student
526 _c0L to 1700L
541 _j1
562 _efor circulation. 1 copy available in the collection
610 2 0 _aOrganization of Petroleum Exporting Countries.
650 0 _aInflation (Finance)
650 0 _aInternational finance.
650 0 _aEconomic history
_y1971-1990.
906 _a7
_bcbc
_corignew
_du
_eocip
_f19
_gy-gencatlg
942 _2lcc
_cBK
_kM
999 _c15157
_d15157